Vyhodnotenie metód delenia tyčových a plochých kovových materiálov : Diplomová práca

Enregistré dans:
Détails bibliographiques
Auteur principal: Havlíková, Brigita (Auteur)
Autres auteurs: Štefánek, Michal, 1940- (xxx)
Format: Manuscrit Livre
Langue:slovaque
Publié: Trnava : STU v Bratislave MtF KOM, 2002
Sujets:
Tags: Ajouter un tag
Pas de tags, Soyez le premier à ajouter un tag!

MARC

LEADER 00000ntm a22000003a 4500
001 stu76285
005 20160719155037.4
008 020625s2002----xo------------------slo-d
040 |a STU  |b slo 
041 0 |a slo 
044 |a xo 
100 1 |a Havlíková, Brigita  |4 aut 
245 1 |a Vyhodnotenie metód delenia tyčových a plochých kovových materiálov :  |b Diplomová práca 
260 |a Trnava :  |b STU v Bratislave MtF KOM,  |c 2002 
300 |a 71 s  |c abstr. 
650 7 |a metódy delenia  |2 stusub 
650 7 |a strojárske technológie  |2 stusub 
650 7 |a kovové materiály  |2 stusub 
700 1 |a Štefánek, Michal,  |d 1940-  |4 xxx  |u M160  |U MTF Ústav výrobných technológií  |T MTF Katedra obrábania a montáže  |X 1475  |U M160  |Y M160  |7 A000001475